Inclusion in regeneration: a place for disabled people? (Record no. 65879)

MARC details
000 -LEADER
fixed length control field 01053cam a2200217 4500
001 - CONTROL NUMBER
control field ABS63487
008 - FIXED-LENGTH DATA ELEMENTS--GENERAL INFORMATION
fixed length control field 000000n2001 000 0 eng u
035 ## - SYSTEM CONTROL NUMBER
System control number (Sirsi) u110520
100 ## - MAIN ENTRY--PERSONAL NAME
Personal name Edwards, C.
245 ## - TITLE STATEMENT
Title Inclusion in regeneration: a place for disabled people?
260 ## - PUBLICATION, DISTRIBUTION, ETC.
Date of publication, distribution, etc. 2001
490 ## - SERIES STATEMENT
Series statement Urban Studies
Volume/sequential designation 38(2) February 2001, 267-286(20)
520 ## - SUMMARY, ETC.
Summary, etc. Draws on the results from a questionnaire, which was sent to 200 SRB partnerships, to investigate the involvement of people with disabilities in those partnerships. Comments that, as they are frequently excluded from society, people with disabilities have an important role to play in local regeneration initiatives. Explores the extent, form of and barriers to, disabled people's involvement and consultations in the SRB, challenging the idea that SRB partnerships are fully inclusive. Includes references.
590 ## - LOCAL NOTE (RLIN)
Local note ABS
650 ## - SUBJECT ADDED ENTRY--TOPICAL TERM
Topical term or geographic name entry element INCLUSION
650 ## - SUBJECT ADDED ENTRY--TOPICAL TERM
Topical term or geographic name entry element PEOPLE WITH DISABILITIES
650 ## - SUBJECT ADDED ENTRY--TOPICAL TERM
Topical term or geographic name entry element PARTNERSHIPS
650 ## - SUBJECT ADDED ENTRY--TOPICAL TERM
Topical term or geographic name entry element SRB
690 ## - LOCAL SUBJECT ADDED ENTRY--TOPICAL TERM (OCLC, RLIN)
Topical term or geographic name as entry element REGENERATION
942 ## - ADDED ENTRY ELEMENTS (KOHA)
Suppress in OPAC 0
Holdings
Withdrawn status Lost status Source of classification or shelving scheme Damaged status Not for loan Home library Current library Shelving location Date acquired Total Checkouts Full call number Barcode Date last seen Copy number Price effective from Koha item type
    Dewey Decimal Classification     London London Journal article 25/01/2001   ABS63487 110520-1001 06/08/2019 1 06/08/2019 Journal article